| 000 | 00833nab a2200253 u 4500 | ||
|---|---|---|---|
| 001 | 20253 | ||
| 003 | HDC | ||
| 007 | cr bn ---aaaaa | ||
| 008 | 210304c20070826xx dr|noo 0 a eng d | ||
| 040 | _aHDC | ||
| 245 | 0 | _aTurkey gearing up to conquer halal food market | |
| 260 |
_a[No place] : _b[publisher not identified], _c2007 |
||
| 300 | _a1 online resource | ||
| 336 |
_atext _2rdacontent |
||
| 337 |
_acomputer _2rdamedia |
||
| 338 |
_aonline resource _2rdacarrier |
||
| 650 |
_aHalal food certification _952 |
||
| 650 |
_aHalal food market _zTurkey _918360 |
||
| 710 | _aHalal Focus | ||
| 856 | _zRequest full-text at [email protected] | ||
| 942 | _2lcc | ||
| 942 | _cNEWS | ||
| 942 | _kNWSO 006363 | ||
| 999 |
_c17569 _d17569 |
||